• 首页
  • 本馆介绍
  • 公告通知
  • 最新文献
  • 馆藏检索
  • 电子资源
  • 读者导购
  • 参考咨询
  • 我的图书馆
  • 登录
  • 详细信息显示
  • 放入我的书架
  • 预约/预借图书
  • 作者相关作品
  • 分类相关作品
  • 丛书相关作品
  • 出版社相关作品

书目信息

  • 表格格式
  • 工作单格式
  • 卡片格式
题名:
塑料农膜与生态环境保护
    
 
作者: 杨惠娣 编
分册:  
出版信息: 北京   化学工业出版社  2000.01
页数: 154页
开本: 32开
丛书名: 农用化学品与生态环境保护丛书
单 册:
中图分类: X712
科图分类:
主题词: 农业废物 , 农业废物--废物综合利用 , 安全学 , 农业废物--废物处理
电子资源:
ISBN: 7-5025-2706-0
000 00753nam0 2200253 45
001 0111191560
005 20031219104051.6
010    @a7-5025-2706-0@dCNY9.80
100    @a20011119d2000 km y0chiy0120 ea
101 0  @achi
105    @a z 000yy
200 1  @a塑料农膜与生态环境保护@ASu Liao Nong Mo Yu Sheng Tai Huan Jing Bao Hu@f杨惠娣编@FYang Hui Di Bian
210    @a北京@c化学工业出版社@d2000.01
215    @a154页@d32开
225    @a农用化学品与生态环境保护丛书
410    @12001 @a农用化学品与生态环境保护丛书
606 0  @a农业废物
606 0  @a农业废物@x废物综合利用
606 0  @a安全学
606 0  @a农业废物@x废物处理
690    @aX712@v4
701    @a杨惠娣@4编
801    @aCN@bTSTC@c20011119
905    @f6@b300978-983@dX712@e24
    
    塑料农膜与生态环境保护/杨惠娣编.-北京:化学工业出版社,2000.01
    154页;32开.-(农用化学品与生态环境保护丛书)
    
    
    ISBN 7-5025-2706-0:CNY9.80
    
●
相关链接 在E读中查询图书 在五车中查询图书 在当当中查询图书 在豆瓣中查询图书


正题名:塑料农膜与生态环境保护     索取号:X712/24         预约/预借

序号 登录号 条形码 馆藏地/架位号 状态 备注
1 0300978   203009788   第三借阅区/ [索取号:X712/24] 在馆    
2 0300979   203009797   第三借阅区/ [索取号:X712/24] 在馆    
3 0300980   203009804   第三借阅区/ [索取号:X712/24] 在馆    
4 0300981   203009813   第三借阅区/ [索取号:X712/24] 在馆    
5 0300982   203009822   第三借阅区/ [索取号:X712/24] 在馆    
6 0300983   203009831   第二样本阅览室/ [索取号:X712/24] 在馆    
唐山师范学院图书馆 欢迎您!
大连网信软件有限公司© 版权所有